Animals by Cupcake Quiz Stats

 Plays Quiz Updated Aug 16, 2019

Score 0/20 Timer 04:00
2 Plays Today
Hint Animal % Correct
Tiger
97.4%
Sheep
96.4%
Rabbit
96.1%
Pig
95.8%
Elephant
95.6%
Panda
95%
Lion
94.6%
Dog
94.5%
Cow
94.4%
Fish
94.3%
Hint Animal % Correct
Cat
94.2%
Turtle
94.1%
Bee
93.8%
Penguin
93.4%
Fox
93.3%
Bear
92.9%
Dinosaur
91.3%
Giraffe
90.4%
Mouse
75%
Narwhal
57.5%

You're not logged in!

Compare scores with friends on all Sporcle quizzes.
OR
Log In

Sporcle TV

Today on Sporcle TV


Watch our educational content, quiz creation guides, and fun videos on Sporcle TV.

Show Comments

Extras

Top Quizzes Today


Score Distribution

Your Account Isn't Verified!

In order to create a playlist on Sporcle, you need to verify the email address you used during registration. Go to your Sporcle Settings to finish the process.

Report this User

Report this user for behavior that violates our Community Guidelines.

Details: